| 000 | 01038cam a22002531 4500 | ||
|---|---|---|---|
| 001 | hew63000012 | ||
| 003 | DLC | ||
| 005 | 20260227111512.0 | ||
| 008 | 800529s1962 dcu b f000 0 eng c | ||
| 010 | _ahew63000012 | ||
| 035 | _a(OCoLC)6370893 | ||
| 040 |
_aU.S. Dept. of Health, Education, and Welfare. Library _cICSU _dDLC |
||
| 042 | _apremarc | ||
| 050 | 0 | 0 |
_aHV9081 _b.W42 |
| 100 | 1 | _aWeber, George H. | |
| 245 | 1 | 0 | _aProblems in changing programs in institutions for delinquent children. |
| 260 |
_a[Washington] _bU.S. Dept. of Health, Education, and Welfare, Social Security Administration, Children's Bureau; [for sale by the Superintendent of Documents, U.S. Govt. Print. Off.,] _c1962. |
||
| 300 |
_a40 p. _c24 cm. |
||
| 490 | 1 |
_aUnited States. Children's Bureau. Publication _vno. 397 |
|
| 504 | _aBibliography: p. 39-40. | ||
| 650 | 0 | _aJuvenile detention homes. | |
| 740 | 0 | _aChanging programs in institutions for delinquent children. | |
| 830 | 0 |
_aBureau publication (United States. Children's Bureau) ; _vno. 397. |
|
| 999 |
_c34396 _d34396 |
||